[Event "Hoogovens"]
[Site "Wijk aan Zee"]
[Date "1997.02.01"]
[Round "12"]
[White "Kortschnoj, Viktor Lvovich"]
[Black "Yermolinsky, Alex"]
[Result "1/2-1/2"]
[WhiteElo "2635"]
[BlackElo "2630"]
[Annotator "Yudasin,L"]
[PlyCount "55"]
[EventDate "1997.01.18"]
[EventType "tourn"]
[EventRounds "13"]
[EventCountry "NED"]
[EventCategory "16"]
[SourceTitle "CBM 057"]
[Source "ChessBase"]
[SourceDate "1997.04.01"]
[SourceVersion "1"]
[SourceVersionDate "1997.04.01"]
[SourceQuality "1"]

1. c4 c5 2. Nf3 Nf6 3. Nc3 e6 4. g3 b6 5. Bg2 Bb7 6. O-O Be7 7. d4 cxd4 8. Qxd4
d6 9. Rd1 a6 10. Bg5 (10. b3 {[%cal Ga3d6]}) (10. Qd3 {[%cal Gc1f4]}) (10. Ng5
$5) 10... Nbd7 11. Nd2 Bxg2 12. Kxg2 Rc8 $1 {with the idea Rc6 putting some
pressure on the c4 pawn} 13. Nde4 Rc6 $11 14. Nxf6+ (14. b4 $2 Qc7 $1) 14...
Bxf6 15. Bxf6 (15. Qe4 Qc8) 15... Nxf6 16. Ne4 (16. g4 $6 h6 {with Qc8 when
the g4 pawn will be very weak}) 16... Nxe4 17. Qxe4 Qc7 18. b3 b5 $1 (18... O-O
19. a4 $14 {with Rd3-Rad1}) 19. cxb5 axb5 20. Qb4 Qb6 21. Rd2 (21. Rac1 O-O)
21... O-O 22. e4 (22. Rad1 d5) 22... g6 23. Rad1 Qc5 $1 24. Qxc5 dxc5 $132 25.
Kf3 (25. Rd6 Rfc8) 25... c4 26. bxc4 Rxc4 27. Rb1 b4 28. Rdb2 1/2-1/2

[Event "Horgen CS"]
[Site "Horgen"]
[Date "1994.??.??"]
[Round "7"]
[White "Kortschnoj, Viktor Lvovich"]
[Black "Shirov, Alexei"]
[Result "1/2-1/2"]
[WhiteElo "2615"]
[BlackElo "2740"]
[Annotator "Ernst,T"]
[PlyCount "89"]
[EventDate "1994.09.??"]
[EventType "tourn"]
[EventRounds "11"]
[EventCountry "SUI"]
[EventCategory "16"]
[SourceTitle "CBM 043"]
[Source "ChessBase"]
[SourceDate "1994.12.01"]
[SourceVersion "1"]
[SourceVersionDate "1994.12.01"]
[SourceQuality "1"]

1. c4 Nf6 2. Nc3 g6 3. e4 d6 4. d4 Bg7 5. Be2 O-O 6. Nf3 e5 7. O-O Nc6 8. d5
Ne7 9. Ne1 Nd7 10. Be3 f5 11. f3 f4 12. Bf2 g5 13. a4 (13. b4) (13. Nb5) 13...
Ng6 14. a5 (14. Nd3 Nf6 15. c5 h5 16. h3 Rf7 17. c6 a5 $13 {
Kortschnoj-Kasparov/Amsterdam/1991/}) 14... Kh8 (14... Rf7 15. b4 (15. c5 $5
Nxc5 16. Bxc5 dxc5 17. Bc4 Kh8 18. a6 bxa6 19. Nd3 Bf8 20. Na4 Rb8 21. Rf2 $44
{Kortschnoj-Popovic,P/Brno/1992/} (21. b3 $44 {Kozul,Z-Popovic,P/Novi Sad/1992/
})) 15... Nf6 16. c5 Bf8 17. cxd6 Bxd6 $13 {Kortschnoj-Polgar,J/Pamplona/
1990-91/}) 15. Nd3 Rg8 16. c5 Bf8 17. c6 (17. cxd6 Bxd6 $13) 17... bxc6 18. Nb4
Ne7 (18... cxd5 19. Qxd5 Rb8 20. Nc6 $18) (18... c5 19. Nc6 Qf6 20. Nb5 $44)
19. Nxc6 Nxc6 20. dxc6 Nf6 21. Nd5 Be6 22. b4 h5 23. b5 Bh6 24. b6 axb6 25.
axb6 Rxa1 26. Qxa1 Bxd5 27. exd5 cxb6 28. Rb1 g4 (28... Nxd5 29. Bc4 $16) 29.
Bxb6 Qc8 30. c7 Nxd5 31. Ba6 Qd7 32. c8=Q Rxc8 33. Bxc8 Qxc8 34. Ba7 Kg7 35.
Qb2 Kf6 36. Rd1 Qc6 37. Qd2 Ke6 $1 $10 38. Qa2 Qb5 39. h3 gxf3 40. gxf3 Bg5 41.
Bf2 Bf6 42. Kg2 Be7 43. Rd2 Bf6 44. Rb2 Qd3 45. Rd2 1/2-1/2

[Event "RUS-chT"]
[Site "Smolensk"]
[Date "2000.04.24"]
[Round "10"]
[White "Makarov, Marat"]
[Black "Kortschnoj, Viktor Lvovich"]
[Result "1-0"]
[WhiteElo "2513"]
[BlackElo "2659"]
[Annotator "Huzman,A"]
[PlyCount "137"]
[EventDate "2000.04.15"]
[EventType "team"]
[EventRounds "11"]
[EventCountry "RUS"]
[SourceTitle "CBM 077"]
[Source "ChessBase"]
[SourceDate "2000.07.27"]
[SourceVersion "1"]
[SourceVersionDate "2000.07.27"]
[SourceQuality "1"]

1. Nf3 d5 2. d4 Nf6 3. c4 dxc4 4. e3 e6 5. Bxc4 c5 6. O-O Nc6 7. a3 a6 8. dxc5
Bxc5 9. Qxd8+ Kxd8 10. b4 Bd6 11. Bb2 Ke7 12. Nbd2 Rd8 13. Rfc1 (13. Rac1 Bd7
14. Be2 Rac8 15. Nb3 {1/2-1/2 Del Rey,D-Magem Badals,J/Andorra la Vella 1999/
EXT 2000 (15)}) 13... Bd7 14. Be2 $1 {[%cal Gd2c4]} b5 15. Nb3 Rdc8 16. Nc5 Be8
(16... Ra7 17. Rc2 Be8 18. Rac1 $16) 17. Nb7 $1 Bc7 18. Nd4 Bb6 (18... Nxd4 19.
Bxd4 $16 {[%cal Gd4c5]}) (18... Ne5 $5) 19. Nb3 Ra7 20. N7c5 g6 $6 21. Bf3 Rcc7
22. Nd3 a5 $2 23. Bxc6 Rxc6 (23... Bxc6 24. bxa5 Bxa5 25. Nxa5 Rxa5 26. Nb4 $18
) 24. bxa5 Bxa5 25. Bd4 Ra8 26. Nxa5 Rxa5 (26... Rxc1+ 27. Rxc1 Rxa5 28. Bc5+
Kd7 29. Ne5+ $18) 27. Bc5+ Kd8 28. Nb4 $18 Rxc5 29. Rxc5 Ra8 30. f3 Ke7 31. Kf2
Bd7 32. e4 Ne8 33. e5 f6 34. exf6+ Kxf6 35. Rd1 Ra7 36. Rd3 Ke7 37. Nc6+ Bxc6
38. Rxc6 Rb7 39. Rb3 Kd7 40. Rc4 Nd6 41. Rh4 Kc6 42. a4 Ra7 43. axb5+ Nxb5 44.
Rhb4 Nd6 45. g4 Kd7 46. Rb8 Ke7 47. Kg3 Kf6 48. R3b6 Rd7 49. Rc6 Nf7 50. Rbb6
Re7 51. Rb5 (51. f4 h6 52. h4 g5 53. f5 Nd8 54. Rd6 Re8 55. h5 Kf7 56. Rd7+ $18
) 51... Ra7 52. Rbc5 h6 53. Rc7 Ra3 54. Rc3 Ra5 55. Rb3 h5 56. Rb8 Nd6 57. Rf8+
Ke5 58. Rc2 hxg4 59. Re2+ Kd5 60. Rd8 gxf3 61. Rd2+ Ke4 62. R8xd6 Rg5+ 63. Kf2
e5 64. Kf1 Kf4 65. Rf6+ Ke3 66. Rd1 e4 67. Re1+ Kd4 68. Rf4 Re5 69. h4 1-0

[Event "EU-Cup-02 Semifinal"]
[Site "Rotterdam"]
[Date "1979.??.??"]
[Round "4.2"]
[White "Kortschnoj, Viktor Lvovich"]
[Black "Csom, Istvan"]
[Result "1/2-1/2"]
[WhiteElo "2695"]
[BlackElo "2510"]
[PlyCount "94"]
[EventDate "1979.??.??"]
[EventType "team-match"]
[EventRounds "2"]
[EventCountry "NED"]
[SourceTitle "EXT 2012"]
[Source "ChessBase"]
[SourceDate "2011.11.24"]
[SourceVersion "1"]
[SourceVersionDate "2011.11.24"]
[SourceQuality "1"]
[WhiteTeam "Rotterdam Volmac"]
[BlackTeam "Budapest Spartacus"]
[WhiteTeamCountry "NED"]
[BlackTeamCountry "HUN"]

1. c4 Nf6 2. Nc3 c5 3. Nf3 b6 4. e4 d6 5. d4 cxd4 6. Nxd4 Bb7 7. Bd3 Nbd7 (7...
e6) (7... g6) 8. O-O g6 9. f3 Bg7 10. Be3 O-O 11. Rf2 $146 {[%cal Gf2d2] trop
lent} (11. Qd2 $142 {Smejkal,J (2555)-Rajkovic,D (2490) Titovo Uzice 1978 (1)
1-0}) 11... a6 12. Bf1 e6 13. a4 Re8 14. Nc2 Qc7 15. Rd2 Bf8 16. Kh1 Rac8 17.
Bf2 (17. Rc1) 17... Bh6 $1 18. Ne3 Bf4 19. Rc2 Qb8 20. Ne2 Be5 {[%csl Ge5]} 21.
Bg1 g5 $5 (21... d5 $1 22. exd5 exd5 23. cxd5 Rxc2 24. Qxc2 Nxd5 25. Nxd5 Bxd5
$15 {[%csl Rf3]}) 22. a5 $1 bxa5 23. Rxa5 Nf8 24. b4 Ng6 25. b5 axb5 26. cxb5
g4 $1 27. Rxc8 Rxc8 28. Nxg4 Nxg4 29. fxg4 Bxe4 30. b6 d5 (30... Rc2 $5) 31.
Ra7 Bd6 32. Qe1 Bc5 $2 33. Bxc5 Rxc5 34. Qf2 Qf8 35. b7 Rb5 36. Ra8 Rxb7 37.
Rxf8+ Nxf8 38. h3 Rb2 39. Kh2 Ng6 40. Qd4 Rc2 41. Ng3 Bxg2 42. Bd3 $4 {Il est
probable que les Blancs soient en grand zeitnot et qu'ils ont continué à
blitzer sans voir qu'ils avaient passé le contrôle de temps du 40ème coup.} (
42. Bxg2 Nh4 {[%cal Gh4f3,Gf3h2,Gf3d4]} 43. Qf4 Rxg2+ 44. Kh1 $18) 42... Ra2
43. Bb1 Nh4 44. Bxa2 Nf3+ 45. Kxg2 Nxd4 46. Kf2 Nc6 47. Ke3 Ne5 1/2-1/2

[Event "Rotterdam"]
[Site "Rotterdam"]
[Date "1990.??.??"]
[Round "?"]
[White "Timman, Jan H"]
[Black "Kortschnoj, Viktor Lvovich"]
[Result "1/2-1/2"]
[WhiteElo "2680"]
[BlackElo "2625"]
[Annotator "Ftacnik,L"]
[PlyCount "68"]
[EventDate "1990.05.??"]
[EventType "tourn"]
[EventRounds "6"]
[EventCountry "NED"]
[EventCategory "16"]
[SourceTitle "CBM 018"]
[Source "ChessBase"]
[SourceDate "1990.10.01"]
[SourceVersion "1"]
[SourceVersionDate "1990.10.01"]
[SourceQuality "1"]

1. d4 Nf6 2. c4 e6 3. Nc3 Bb4 4. f3 c5 5. d5 d6 6. e4 O-O 7. Nge2 Re8 8. a3 Ba5
9. Ng3 Bxc3+ $1 10. bxc3 Qa5 11. Bd2 Bd7 (11... exd5 12. cxd5 Nxd5 $2 13. c4
$18) 12. Be2 Ba4 13. Qb1 Nbd7 14. Ra2 Rab8 15. O-O a6 16. Rb2 Qc7 (16... b5 17.
cxb5 axb5 18. c4) 17. Re1 Nf8 18. Bd3 Ng6 (18... e5 19. Nf5 (19. f4 $6 exf4 20.
Bxf4 Ng6 21. Bg5 Ng4 {x e5})) 19. f4 e5 20. f5 Nf4 $5 (20... Nf8 $14 {()}) 21.
Bf1 Kh8 22. Qc1 b5 23. Bxf4 exf4 24. Qxf4 Re5 (24... bxc4 25. Rxb8 Qxb8 26.
Bxc4 $14) 25. Reb1 h6 26. cxb5 axb5 27. c4 b4 28. axb4 $6 (28. Qe3 $22 b3 29.
Be2 {/\ Bd1 +-}) 28... cxb4 29. Qe3 b3 30. Ra1 Rb4 31. Bd3 Nd7 32. Ne2 Nc5 33.
Nc3 Nxd3 34. Qxd3 Rxc4 {Ftacnik,L} (34... Rxc4 35. Nxa4 (35. Rxa4 $1 Rxc3 36.
Qd4 $22 Rc1+ 37. Kf2 Rc2+ 38. Kf3) 35... Qa7+ (35... Rc1+ $2 36. Rxc1 Qxc1+ 37.
Qf1 $18) 36. Kh1 Rcxe4 $17) 1/2-1/2

[Event "Olympiad-23"]
[Site "Buenos Aires"]
[Date "1978.10.31"]
[Round "6"]
[White "Kortschnoj, Viktor Lvovich"]
[Black "Gligoric, Svetozar"]
[Result "1/2-1/2"]
[WhiteElo "2665"]
[BlackElo "2565"]
[Annotator "Gligoric,S"]
[PlyCount "67"]
[EventDate "1978.10.25"]
[EventType "team-swiss"]
[EventRounds "14"]
[EventCountry "ARG"]
[SourceTitle "EXT 2000"]
[Source "ChessBase"]
[SourceDate "1999.11.16"]
[SourceVersion "1"]
[SourceVersionDate "1999.11.16"]
[SourceQuality "1"]
[WhiteTeam "Switzerland"]
[BlackTeam "Yugoslavia"]
[WhiteTeamCountry "SUI"]
[BlackTeamCountry "YUG"]

{Inf.26/654} 1. d4 Nf6 2. c4 e6 3. Nc3 Bb4 4. e3 O-O 5. Bd3 d5 6. a3 Bxc3+ 7.
bxc3 dxc4 8. Bxc4 c5 9. Nf3 b6 (9... Qc7) 10. O-O Bb7 11. Bb2 Nbd7 12. Bd3 Qc7
13. c4 Rad8 $14 14. Re1 $1 Be4 15. Bxe4 (15. Bf1 $5) 15... Nxe4 16. Rc1 (16.
Qc2 $1) 16... Rfe8 $1 17. Qc2 Qb7 18. Rcd1 Nf8 19. Ne5 f6 20. Ng4 (20. Nd3)
20... h5 21. f3 hxg4 22. fxe4 Qf7 23. e5 $2 (23. Rf1) 23... fxe5 24. Rf1 Qh5
25. dxe5 Ng6 $17 26. Rd6 Rf8 $1 27. Rxd8 (27. Rxf8+ $2 Rxf8 28. Rxe6 $6 Nh4 {
/\ g3-+}) 27... Rxd8 28. Qe4 Nh4 29. Bc3 Nf5 30. Be1 Qg5 $6 (30... Rd1 $1 31.
Bg3 Rxf1+ 32. Kxf1 Nxg3+ 33. hxg3 Qf5+ 34. Qxf5 exf5 $19) 31. Bf2 Rd2 32. Qc6
$1 Qe7 33. Qe4 Qg5 34. Qc6 1/2-1/2

[Event "Hoogovens"]
[Site "Wijk aan Zee"]
[Date "1984.01.27"]
[Round "12"]
[White "Kortschnoj, Viktor Lvovich"]
[Black "Andersson, Ulf"]
[Result "1/2-1/2"]
[WhiteElo "2635"]
[BlackElo "2630"]
[Annotator "Bulletin"]
[PlyCount "118"]
[EventDate "1984.01.13"]
[EventType "tourn"]
[EventRounds "13"]
[EventCountry "NED"]
[EventCategory "13"]
[SourceTitle "MCL"]
[Source "ChessBase"]
[SourceDate "1999.07.01"]
[SourceVersion "1"]
[SourceVersionDate "1999.07.01"]
[SourceQuality "1"]

1. d4 Nf6 2. c4 e6 3. Nc3 d5 4. Bg5 Be7 5. e3 Nbd7 6. Nf3 O-O 7. Rc1 c6 8. a3 (
8. c5 $6 e5 $15) (8. cxd5 Nxd5 $10) 8... Ne4 9. Bf4 $5 (9. Bxe7 Qxe7 10. Bd3
Nxc3 11. Rxc3 dxc4 12. Rxc4 e5 13. Qc2 $14) 9... Bd6 10. Bg3 (10. Bxd6 {/\ c5!?
}) 10... Qe7 11. Bd3 Nxc3 12. Rxc3 h6 13. Bh4 (13. O-O $6 Bxg3 14. hxg3 dxc4
15. Rxc4 e5 $10) 13... Qe8 14. Bb1 (14. O-O $5) 14... Be7 15. Qc2 $14 g6 16.
Bg3 Nf6 17. Bf4 Kh7 18. Qd1 b6 19. h4 Ne4 20. Rc1 Kg7 21. Ne5 Bb7 22. cxd5 exd5
(22... cxd5 $2 23. Rc7 {/\ f3 +-}) 23. f3 (23. Qc2 $5) (23. Qd3 $5) 23... Nf6
24. Qc2 (24. Qd3) 24... Nh5 $1 (24... Rc8 $2 25. h5 g5 26. Ng4 gxf4 27. Nxf6
$18) 25. g4 Nxf4 26. exf4 Bd6 27. Kf2 c5 28. Rce1 Bxe5 29. Rxe5 Qc6 30. h5 Rae8
31. hxg6 fxg6 (31... Rxe5 $2 32. gxf7 $18) 32. g5 Rxe5 (32... h5 $2 33. Rxh5) (
32... hxg5 33. Rxg5 Rf6 34. Rhg1 $16) 33. gxh6+ Kh7 34. fxe5 Bc8 $44 35. Kg3
Bf5 36. Qd2 Bxb1 37. Rxb1 Qe6 38. f4 Rf5 39. Rh1 cxd4 40. Qc2 (40. Qxd4 $2 g5
$17) 40... Kh8 (40... g5 $2 41. Kg4 $18) 41. Rc1 Rf8 42. Qc7 Rg8 (42... Rf7 $2
43. Qd8+ Kh7 44. Rc8 $18) 43. Qc6 Qf5 44. Qf6+ $10 Qxf6 45. exf6 Rf8 46. Rc6
Kh7 47. Rd6 Kxh6 48. Kf3 Rf7 49. b4 Rf8 50. a4 Rf7 51. b5 d3 52. Ke3 g5 53.
fxg5+ Kxg5 54. Kxd3 Rxf6 55. Rxd5+ Kg6 56. Ke4 Re6+ 57. Kd4 Re1 58. Rd6+ Kf5
59. Kc4 Re4+ 1/2-1/2

[Event "Novi Sad ol (Men)"]
[Site "Novi Sad"]
[Date "1990.??.??"]
[Round "11"]
[White "Kortschnoj, Viktor Lvovich"]
[Black "Rogers, Ian"]
[Result "0-1"]
[WhiteElo "2630"]
[BlackElo "2535"]
[Annotator "Rogers,I"]
[PlyCount "114"]
[EventDate "1990.11.17"]
[EventType "team-swiss"]
[EventRounds "14"]
[EventCountry "YUG"]
[SourceTitle "TD"]
[Source "ChessBase"]
[SourceDate "1994.03.01"]
[SourceVersion "1"]
[SourceVersionDate "1994.03.01"]
[SourceQuality "1"]

1. Nf3 Nf6 2. c4 g6 3. b4 $5 Bg7 4. Bb2 O-O 5. e3 c6 6. d4 d5 7. Nbd2 a5 8. b5
cxb5 9. cxb5 Nbd7 10. Bd3 Ne8 11. Ba3 (11. h4 $5 {/\h5, Ng5~/=}) 11... Nb6 12.
O-O Nd6 13. Rc1 Bf5 $5 14. Bxd6 Qxd6 (14... Bxd3 $2 15. Bc7 $1) 15. Bxf5 gxf5
16. Qc2 e6 17. Qc7 Qxc7 18. Rxc7 $14 Rab8 19. Rfc1 (19. Nb3 Na8 20. Rc3 a4 21.
Nc5 Nb6 22. Ra3 $6 Rfd8 $1 23. Nxa4 $140 Ra8) 19... a4 $5 20. Ne1 $1 {/\Nd3-c5,
><a4} Rfc8 (20... Bf6 $142 {/\Bd8}) 21. Nd3 Bf8 22. Kf1 Rxc7 23. Rxc7 Bd6 24.
Rc1 Ra8 25. Nc5 Ra7 26. Ke2 Kf8 27. Nb1 $1 Ke7 28. Nc3 {/\28...Nd7 28.N5xa4}
Bxc5 $5 29. dxc5 Nd7 30. c6 Nb6 31. Nb1 $1 Kd6 $2 (31... bxc6 32. Rxc6 Rb7 {
/\Kd7, Nc4[]}) 32. Na3 $1 Kc7 33. Kd3 Ra8 $6 34. Kd4 Ra5 $1 35. cxb7+ $2 $138 (
35. Rc5 $1) (35. Kc5 $1 $16) (35. Ke5 $6 Nc4+ $1 $10) 35... Kxb7 36. h4 $6 Nd7
37. g3 Ra8 38. Rc6 Ra5 39. Rc2 Ra8 $10 40. Nb1 $6 Rg8 41. Rc6 Nb8 42. Rc1 Nd7
43. Rc6 Rg4+ 44. f4 $6 (44. Kd3 $142 Nb8 45. Rc5 Kb6 46. Rc8 $132) 44... Rxg3
45. Nc3 Nb8 46. Rc5 Rg2 47. Kd3 (47. Nxa4 Rxa2 48. Nc3 $8 Rd2+ 49. Ke5 Nd7+)
47... Nd7 48. Rc6 Nb8 49. Rc5 Nd7 50. Rc6 a3 $1 51. Na4 $6 (51. Ne2 e5 $1 $17)
51... Rxa2 52. Rd6 Kc7 53. Rc6+ Kb7 54. Rd6 Nb8 $1 55. Rd8 (55. Nc5+ Kc8 56.
Na6 Rd2+ 57. Kxd2 a2 $19) 55... Rg2 56. Rf8 a2 57. Rxf7+ Nd7 $1 (57... Nd7 $1
58. Rxd7+ (58. Nc5+ Kb6 59. Nxd7+ Kxb5) 58... Kb8 59. Rd8+ Kc7) 0-1

[Event "EU-Cup Volmac-Lyon"]
[Site "Lyon"]
[Date "1991.??.??"]
[Round "2"]
[White "Kortschnoj, Viktor Lvovich"]
[Black "Salov, Valery"]
[Result "1/2-1/2"]
[WhiteElo "2610"]
[BlackElo "2665"]
[Annotator "Hertneck,G"]
[PlyCount "33"]
[EventDate "1991.??.??"]
[EventType "team"]
[EventRounds "2"]
[EventCountry "FRA"]
[SourceTitle "CBM 026"]
[Source "ChessBase"]
[SourceDate "1992.02.01"]
[SourceVersion "1"]
[SourceVersionDate "1992.02.01"]
[SourceQuality "1"]

1. d4 d5 2. c4 c6 3. Nf3 Nf6 4. Nc3 dxc4 5. a4 Bf5 6. e3 e6 7. Bxc4 Bb4 8. O-O
Nbd7 9. Nh4 O-O 10. Qb3 a5 $1 {TN - The correctness of this move depends on
the evaluation of the final position, when a draw was agreed} (10... Qb6 11. h3
Rad8 12. Rd1 Be4 $2 13. Nxe4 Nxe4 14. Qc2 $1 $14 {Karpov,A-Salov,V, Linares
1991, i51/392}) 11. Nxf5 exf5 12. Na2 Bd6 13. Qxb7 Bxh2+ 14. Kxh2 Ng4+ 15. Kg3
(15. Kh3 $2 Rb8 16. Qxc6 Rb6 17. Qd5 Qg5 $19) 15... Qg5 16. f4 (16. e4 $2 Ne3+
17. Kf3 Qg4+ 18. Kxe3 Qxe4+ 19. Kd2 Qxd4+ 20. Bd3 Nc5 $19) 16... Qg6 17. Kf3 (
17. Kf3 Ngf6 $5 18. Kf2 Rfb8 19. Qc7 Rc8 20. Qb7 Rcb8 $10) (17. Kf3 Qh5 18. Ke2
$1 Nge5+ 19. Ke1 $1 $16) 1/2-1/2

[Event "EU-Cup Volmac-Lyon"]
[Site "Lyon"]
[Date "1991.??.??"]
[Round "1"]
[White "Salov, Valery"]
[Black "Kortschnoj, Viktor Lvovich"]
[Result "1-0"]
[WhiteElo "2665"]
[BlackElo "2610"]
[Annotator "Ribli,Z"]
[PlyCount "71"]
[EventDate "1991.??.??"]
[EventType "team"]
[EventRounds "2"]
[EventCountry "FRA"]
[SourceTitle "CBM 026"]
[Source "ChessBase"]
[SourceDate "1992.02.01"]
[SourceVersion "1"]
[SourceVersionDate "1992.02.01"]
[SourceQuality "1"]

1. Nf3 Nf6 2. c4 c5 3. g3 d5 4. cxd5 Nxd5 5. Bg2 Nc6 6. Nc3 Nc7 7. a3 $5 g6 (
7... e6 8. e3 Be7 9. d4 $14 {Salov,V-Karpov,An Amsterdam Euwe-mem 1991 51/(48)
CBM/23}) 8. h4 Bg7 (8... h6 $6 9. d3 Bg7 10. Bd2 Bg4 11. Rc1 Qd7 12. Na4 Ne6 $2
13. Nh2 $18 {Sunye,NJ-Vaganian,R Manila izt 1990 49/(52) CBM/19}) 9. h5 O-O 10.
d3 Ne6 11. hxg6 hxg6 12. Be3 (12. Bh6 Bxh6 13. Rxh6 Kg7 $13) 12... Ncd4 13. Rc1
Bd7 14. Ng5 Rc8 15. Kf1 (15. Bxb7 Rb8 $13) 15... Bc6 16. Nxe6 Nxe6 17. Bxc6
Rxc6 18. Kg2 Qd7 (18... Nd4 $5) 19. Bh6 $1 g5 (19... Bxh6 20. Rxh6 Kg7 21. Qh1
$1 $16) 20. Bxg7 Kxg7 21. Qa4 $1 Rg8 22. Qe4 Kf8 23. Rh7 Nd4 24. e3 Nf5 25.
Rch1 Qe6 26. Qxe6 Rxe6 27. Ne4 b6 28. b4 Nd6 29. Nc3 Re5 30. Rc1 Ke8 31. b5 Kd7
32. a4 Ke6 33. Kf3 Ne8 34. Rh6+ Kd7 35. Ne4 Nd6 $2 36. Rxd6+ 1-0

[Event "Zagreb Interzonal"]
[Site "Zagreb"]
[Date "1987.??.??"]
[Round "11"]
[White "Nogueiras Santiago, Jesus"]
[Black "Kortschnoj, Viktor Lvovich"]
[Result "1-0"]
[WhiteElo "2555"]
[BlackElo "2630"]
[Annotator "Ftacnik,L"]
[PlyCount "55"]
[EventDate "1987.08.??"]
[EventType "tourn"]
[EventRounds "17"]
[EventCountry "YUG"]
[EventCategory "12"]
[SourceTitle "CBM 004"]
[Source "ChessBase"]
[SourceDate "1988.06.01"]
[SourceVersion "1"]
[SourceVersionDate "1988.06.01"]
[SourceQuality "1"]

1. d4 Nf6 2. c4 e6 3. Nc3 Bb4 4. Qc2 c5 5. dxc5 Bxc5 6. Nf3 Qb6 $5 7. e3 Qc7 8.
b3 $5 (8. Be2) 8... a6 9. Bb2 Be7 10. g4 $5 h6 (10... Nxg4 $2 11. Rg1 Nxh2 (
11... Ne5 12. Nxe5 Qxe5 13. Nd5) 12. Nxh2 Qxh2 13. Rxg7 Bf6 14. Ne4 $1 $40) 11.
Rg1 Nc6 (11... d5 12. Rc1 $1 dxc4 13. Bxc4 Nc6 (13... b5 $2 14. Nxb5 $1 $18)
14. h4 h5 15. Ne4 $14) 12. h4 h5 $8 (12... d5 13. g5 $16) 13. gxh5 Nxh5 14. Be2
$14 d5 $1 (14... b6 15. Ng5 $1 {/\ Nf7}) 15. cxd5 (15. Ng5 Bf6 $1 (15... d4 $2
16. Nxf7 $1 $18)) 15... exd5 $4 (15... Nb4 $142 $1 16. Qd2 Nxd5 17. Nxd5 exd5
18. Rc1 $14) 16. Nxd5 Qa5+ 17. Qd2 Qxd2+ 18. Nxd2 Bd8 19. Nc4 $18 Be6 20. O-O-O
Nf6 21. Nf4 Bxc4 22. Bxc4 Kf8 23. h5 Rc8 24. Kb1 Bc7 25. Nd5 Nxh5 $2 (25... Rg8
) 26. Be2 $1 (26. Rxg7 Be5 $1) 26... Nf6 (26... Be5 27. Bxe5 Nxe5 28. Rg5 $18)
27. Bxf6 gxf6 28. Bg4 1-0

[Event "Hoogovens"]
[Site "Wijk aan Zee"]
[Date "1990.01.??"]
[Round "2"]
[White "Kortschnoj, Viktor Lvovich"]
[Black "Short, Nigel D"]
[Result "1/2-1/2"]
[WhiteElo "2625"]
[BlackElo "2635"]
[Annotator "Ftacnik,L"]
[PlyCount "52"]
[EventDate "1990.01.??"]
[EventType "tourn"]
[EventRounds "13"]
[EventCountry "NED"]
[EventCategory "13"]
[SourceTitle "CBM 017"]
[Source "ChessBase"]
[SourceDate "1990.08.01"]
[SourceVersion "1"]
[SourceVersionDate "1990.08.01"]
[SourceQuality "1"]

1. c4 {Anand} e6 2. Nc3 d5 3. d4 Nf6 4. Bg5 Be7 5. e3 O-O 6. Nf3 h6 7. Bh4 b6
8. Rc1 Bb7 9. cxd5 Nxd5 10. Nxd5 Bxd5 11. Bxe7 Qxe7 12. Be2 c5 (12... Rc8 13.
O-O c5 14. dxc5 Rxc5 15. Rxc5 Qxc5 16. Qa4 Bc6 17. Qf4 {Kasparov-Timman/
USSR-ROW/1984/}) 13. dxc5 Rd8 $1 (13... bxc5) (13... bxc5 {Anand}) 14. Qa4 (14.
Qc2 Rc8 15. Qa4 Nd7 $10) (14. O-O Bxf3 15. Bxf3 Rxd1 16. Rfxd1 Nc6 $10) 14...
Nd7 $1 15. e4 Nxc5 16. Rxc5 Qxc5 17. exd5 Qc1+ 18. Bd1 Rxd5 19. O-O Qxb2 $15
20. Bb3 Rc5 21. Qa6 Rc7 22. g3 Rd8 23. Re1 Rc1 24. Qxa7 Rxe1+ 25. Nxe1 Qe2 26.
Nc2 Rd1+ (26... Rd1+ 27. Kg2 Qe4+ 28. Kh3 Qf5+ (28... g5 29. Qa4 $1 (29. Ne3
Rd2 $17) 29... Qe2 30. Ne3 Rg1 $2 31. Qe8+ Kg7 32. Nf5+ Kf6 33. Qh8+ $1 (33.
Qe7+ Kg6) 33... Kxf5 34. Bc2+ Qxc2 35. Qh7+ $18 {Winants}) 29. Kg2 Qe4+)
1/2-1/2

[Event "Brno"]
[Site "Brno"]
[Date "1992.??.??"]
[Round "7"]
[White "Stangl, Markus"]
[Black "Kortschnoj, Viktor Lvovich"]
[Result "1/2-1/2"]
[WhiteElo "2475"]
[BlackElo "2575"]
[Annotator "Ribli,Z"]
[PlyCount "57"]
[EventDate "1992.08.??"]
[EventType "tourn"]
[EventRounds "9"]
[EventCountry "CZE"]
[EventCategory "11"]
[SourceTitle "CBM 031"]
[Source "ChessBase"]
[SourceDate "1992.12.01"]
[SourceVersion "1"]
[SourceVersionDate "1992.12.01"]
[SourceQuality "1"]

1. Nf3 Nf6 2. c4 e6 3. g3 d5 4. Bg2 dxc4 5. Qa4+ Nbd7 6. Qxc4 c5 7. Qb3 Rb8 8.
d3 Bd6 9. O-O a6 10. Nc3 O-O 11. Ng5 Bc7 (11... Qe7 $6 12. Nge4 Bc7 13. Rd1 $5
b6 14. d4 cxd4 15. Rxd4 Nc5 16. Qa3 $14 {Schlosser,P-Polgar,Zso Brno-B 1991
CBM/26}) 12. Be3 (12. Nge4 $1 b6 13. Rd1 $1 Nxe4 14. Nxe4 Bb7 15. d4 Bd5 16.
Qc2 cxd4 17. Ng5 Nf6 18. Bxd5 exd5 19. Nf3 $16 {Dizdarevic-Petrosjan,A
Sarajevo 1986 41/9}) 12... Qe7 13. Nge4 b6 14. a4 Ng4 (14... Bb7 15. Nxf6+ Nxf6
16. Bxb7 Rxb7 17. Qc4 $14) 15. Bg5 f6 16. Bd2 f5 17. Ng5 Nde5 18. f4 h6 19. Nh3
(19. Nf3 $5 Nxf3+ 20. Bxf3 $14) 19... Nf7 20. Nf2 Nxf2 21. Rxf2 Bb7 22. Bxb7
Rxb7 23. e4 (23. Qc4 Ra8 $10) 23... Qd7 24. Re1 Rbb8 25. exf5 exf5 26. Nd5 Rbd8
27. Nxb6 (27. Nxc7 Qxc7 28. Re6 $14) 27... Qxd3 28. Qxd3 Rxd3 29. Nc4 1/2-1/2